Cointegration analysis of chosen commodities prices
Guardado en:
| Autor principal: | |
|---|---|
| Otros Autores: | |
| Formato: | Capítulo de libro |
| Lenguaje: | inglés |
| Etiquetas: |
Sin Etiquetas, Sea el primero en etiquetar este registro!
|
MARC
| LEADER | 00000nla a2200000 4500 | ||
|---|---|---|---|
| 001 | 0200718 | ||
| 005 | 20240502073408.3 | ||
| 041 | 0 | |a eng | |
| 044 | |a SK | ||
| 245 | 1 | 0 | |a Cointegration analysis of chosen commodities prices |c Alžbeta Thiessen, Zuzana Mančáková |
| 100 | 1 | |a Thiessen, Alžbeta, 1988- | |
| 700 | 1 | |a Mančáková, Zuzana | |